[Event "Campobasso op 16th"]
[Site "Campobasso"]
[Date "2009.07.26"]
[Round "6"]
[White "Lisi, Davide"]
[Black "Mazzarella, Antonio"]
[Result "1-0"]
[WhiteElo "2023"]
[BlackElo "2048"]
[PlyCount "67"]
[EventDate "2009.07.24"]
[EventType "swiss"]
[EventRounds "6"]
[EventCountry "ITA"]
[SourceTitle "EXT 2012"]
[Source "ChessBase"]
[SourceDate "2011.11.24"]
[SourceVersion "1"]
[SourceVersionDate "2011.11.24"]
[SourceQuality "1"]

1. d4 d5 2. c4 e6 3. cxd5 exd5 4. Nc3 c6 5. Nf3 Nf6 6. Bg5 Be7 7. Qc2 g6 8. e3 Bf5 9. Bd3 Bxd3 10. Qxd3 Nbd7 11. 0-0 h6 12. Bxf6 Bxf6 13. Rac1 0-0 14. b4 a6 15. Na4 b5 16. Nc5 Nb6 17. Ne5 Bxe5 18. dxe5 Nc4 19. f4 Qe7 20. e4 Rfd8 21. Qh3 Kh7 22. e6 dxe4 23. f5 fxe6 24. fxg6+ Kxg6 25. Qg4+ Kh7 26. Qxe4+ Kh8 27. Qg6 Qg5 28. Qxg5 hxg5 29. Nxe6 Rd5 30. Rf6 Rc8 31. Rcf1 Ne3 32. Rh6+ Kg8 33. Rg6+ Kh8 34. Rf3 1-0

[Event "Campobasso op 16th"]
[Site "Campobasso"]
[Date "2009.07.24"]
[Round "1"]
[White "Lisi, Davide"]
[Black "Sumets, Andrey"]
[Result "0-1"]
[WhiteElo "2023"]
[BlackElo "2595"]
[PlyCount "28"]
[EventDate "2009.07.24"]
[EventType "swiss"]
[EventRounds "6"]
[EventCountry "ITA"]
[SourceTitle "EXT 2012"]
[Source "ChessBase"]
[SourceDate "2011.11.24"]
[SourceVersion "1"]
[SourceVersionDate "2011.11.24"]
[SourceQuality "1"]

1. d4 Nf6 2. c4 e6 3. Nf3 d5 4. cxd5 exd5 5. Nc3 Bb4 6. e3 0-0 7. Bd3 c6 8. h3 Re8 9. 0-0 Nbd7 10. Bd2 Bd6 11. Qc2 Qe7 12. e4 dxe4 13. Nxe4 Nxe4 14. Bxe4 Qxe4 0-1

[Event "Rome Capablanca op 2nd"]
[Site "Rome"]
[Date "2009.07.11"]
[Round "3"]
[White "Nass, Emile"]
[Black "Lisi, Davide"]
[Result "1-0"]
[WhiteElo "2186"]
[BlackElo "2023"]
[PlyCount "57"]
[EventDate "2009.07.10"]
[EventType "swiss"]
[EventRounds "4"]
[EventCountry "ITA"]
[SourceTitle "EXT 2011"]
[Source "ChessBase"]
[SourceDate "2010.11.26"]
[SourceVersion "1"]
[SourceVersionDate "2010.11.26"]
[SourceQuality "1"]

1. d4 Nf6 2. Nf3 g6 3. g3 Bg7 4. Bg2 d5 5. 0-0 0-0 6. c4 c6 7. cxd5 cxd5 8. Ne5 Nc6 9. Nc3 Bf5 10. Nxc6 bxc6 11. Na4 Ne4 12. Be3 e5 13. Rc1 Qd7 14. dxe5 Bxe5 15. Bd4 Bd6 16. f3 Ng5 17. g4 Bxg4 18. fxg4 Qxg4 19. e4 Qh4 20. e5 Bb8 21. Nc5 f5 22. Nd7 Rf7 23. Nxb8 Rxb8 24. Rxc6 Rb4 25. Rc8+ Kg7 26. e6+ Rxd4 27. exf7 Kxf7 28. Qe1 Qg4 29. Rc7+ 1-0

[Event "Falconara Marittima op 4th"]
[Site "Falconara Marittima"]
[Date "2007.07.16"]
[Round "1"]
[White "Piscopo, Pierluigi"]
[Black "Lisi, Davide"]
[Result "1-0"]
[WhiteElo "2392"]
[BlackElo "1963"]
[PlyCount "59"]
[EventDate "2007.07.16"]
[EventType "swiss"]
[EventRounds "6"]
[EventCountry "ITA"]
[SourceTitle "EXT 2008"]
[Source "ChessBase"]
[SourceDate "2007.11.25"]
[SourceVersion "1"]
[SourceVersionDate "2007.11.25"]
[SourceQuality "1"]

1. Nf3 g6 2. g3 Bg7 3. d4 Nf6 4. Bg2 0-0 5. 0-0 d6 6. a4 Nbd7 7. a5 Rb8 8. Nc3 c5 9. Nb5 Ne4 10. Nxa7 Ra8 11. Nxc8 Qxc8 12. c3 Qc7 13. Ne1 Nef6 14. dxc5 Nxc5 15. Be3 Ng4 16. Bd4 e5 17. Bxc5 dxc5 18. Qa4 h5 19. Nd3 c4 20. Nb4 Bh6 21. Nd5 Qc5 22. Qb4 Qxb4 23. cxb4 f5 24. h3 Nf6 25. Nxf6+ Rxf6 26. Bxb7 Ra7 27. Bd5+ Kh7 28. b5 f4 29. b6 Rd7 30. b7 1-0

[Event "Rome Accademia op"]
[Site "Rome"]
[Date "2007.02.03"]
[Round "2"]
[White "Gatta, Flavio"]
[Black "Lisi, Davide"]
[Result "0-1"]
[WhiteElo "1837"]
[BlackElo "1951"]
[PlyCount "64"]
[EventDate "2007.02.02"]
[EventType "swiss"]
[EventRounds "5"]
[EventCountry "ITA"]
[SourceTitle "EXT 2008"]
[Source "ChessBase"]
[SourceDate "2007.11.25"]
[SourceVersion "1"]
[SourceVersionDate "2007.11.25"]
[SourceQuality "1"]

1. e4 c5 2. Nf3 Nc6 3. d4 cxd4 4. Nxd4 Nf6 5. Nc3 e5 6. Ndb5 d6 7. Na3 Be6 8. Nc4 h6 9. Be2 Be7 10. 0-0 0-0 11. Kh1 d5 12. exd5 Nxd5 13. Nxd5 Bxd5 14. c3 Bc5 15. Be3 Be7 16. Qe1 Qc7 17. Rd1 Rad8 18. b3 b6 19. f4 Bf6 20. f5 Ne7 21. Bd3 Qb7 22. Qg3 Bh4 23. Qg4 h5 24. Qxh4 Bxg2+ 25. Kg1 Bxf1 26. Kxf1 Nxf5 27. Qxh5 Nxe3+ 28. Nxe3 g6 29. Qg4 Qh1+ 30. Qg1 Qf3+ 31. Qf2 Qh3+ 32. Qg2 Qxe3 0-1

[Event "Rome Accademia op"]
[Site "Rome"]
[Date "2007.02.03"]
[Round "3"]
[White "Lisi, Davide"]
[Black "Occhipinti, Massimo"]
[Result "1/2-1/2"]
[WhiteElo "1951"]
[BlackElo "2030"]
[PlyCount "67"]
[EventDate "2007.02.02"]
[EventType "swiss"]
[EventRounds "5"]
[EventCountry "ITA"]
[SourceTitle "EXT 2008"]
[Source "ChessBase"]
[SourceDate "2007.11.25"]
[SourceVersion "1"]
[SourceVersionDate "2007.11.25"]
[SourceQuality "1"]

1. Nf3 Nf6 2. g3 g6 3. Bg2 Bg7 4. 0-0 0-0 5. d4 d6 6. c3 Nbd7 7. Nbd2 e5 8. e4 h6 9. dxe5 dxe5 10. Qc2 Qe7 11. h3 Nh5 12. Nc4 Re8 13. Ne3 c6 14. Ng4 Kh7 15. Be3 Nf8 16. Rad1 g5 17. Nfh2 Ng6 18. b4 b6 19. Qc1 Be6 20. h4 Nhf4 21. gxf4 gxf4 22. h5 Nh4 23. Bd2 Qg5 24. f3 Qxh5 25. Be1 Nxg2 26. Kxg2 Qg6 27. Kh1 h5 28. Nf2 Bxa2 29. Rg1 Qe6 30. Rd2 Rad8 31. Qb2 Bc4 32. Nd1 Bf6 33. Rxd8 Rxd8 34. Qg2 1/2-1/2